01008nam a22002177a 450000500170000000800400001702000350005702000390009205000200013110000280015124502270017925000110040626000680041730000210048550000870050650400440059365000540063765000310069165000340072270000340075620150909133726.0150909b sp||||| |||| 00| 0 spa d a8481094587 (Galaxia Gutenberg) a846720446X (Círculo de Lectores)04aPT401bR36 20031 aReich- Ranicki, Marcel 10aSiete precursores : bescritores del siglo XX : Arthur Schnitzler, Thomas Mann, Alfred Döblin, Robert Musil, Franz Kafka, Kurt Tucholsky y Bertold Brecht /cMarcel Reich-Ranicki ; Traducción de José Luis Gil Aristu  a1a ed. aBarcelona : bGalaxia Gutenberg : Círculo de Lectores, c2003 a306 p. ;c21 cm. atraducción de : Sieben wegbereiter. Schriftsteller des zwanzigsten Jahrhunderts  aBibliografía : p. 281-300 e índice  4aLiteratura alemanaySiglo XXxHistoria y critica  4aAutores alemanesySiglo XX 4aAutores austriacos ySiglo XX1 aGil Aristu, José Luis,qtr.